000 00600nam a22001697a 4500
003 OSt
005 20260406123519.0
008 260406b |||||||| |||| 00| 0 eng d
040 _cMRSPTU
041 _aEnglish
100 _aYogesh Garg, Supervisor: Dr. Amit Bhatia
245 _aDevelopment And Optimisation of Donepezil Hydrochloride Loaded Nanoparticles: Brain Delivery Through Nasal Route
260 _bDepartment of Pharmacy, MRSPTU, Bathinda
_c2019
650 _aPharmaceutical Sciences and Technology
856 _uhttp://163.47.215.52:8080/jspui/handle/123456789/154
942 _2ddc
_cTH
_n0
999 _c11295
_d11295